|
|
|
|
| LEADER |
00000nam a2200000 a 4500 |
| 001 |
vtls001301889 |
| 003 |
SK-MaSNL |
| 005 |
20260301235150.0 |
| 008 |
251124s1997 RU rb 0 rus |
| 015 |
|
|
|a SNBZS1997-00479
|
| 035 |
|
|
|a SNK000253919
|
| 040 |
|
|
|a SNK
|b slo
|c SNK
|e AACR2
|
| 041 |
0 |
|
|a rus
|
| 044 |
|
|
|a RU
|
| 080 |
|
|
|a 801:929(041)=82
|2 1981
|
| 080 |
|
|
|a 808.54
|2 1981
|
| 080 |
|
|
|a 929 Hattala, Martin
|2 1981
|
| 100 |
1 |
|
|a Smirnov, Lev Nikandrovič,
|d 1928-2001
|4 aut
|9 20659
|
| 245 |
1 |
|
|a Martin Gattala (1821-1903)
|c [Smirnov L.N.]
|
| 260 |
|
|
|a [S.l.
|b s.n.]
|c c1997
|
| 300 |
|
|
|a S. 121-124
|c 23 cm
|
| 500 |
|
|
|a Bez tit. strany a bez obál.
|
| 500 |
|
|
|a Sep. odt.
|
| 500 |
|
|
|a Hlavičkový náz.
|
| 600 |
1 |
7 |
|a Hattala, Martin,
|d 1821-1903
|2 SNKMA
|9 115353
|
| 655 |
|
7 |
|a separáty
|2 SNK
|9 70334
|
| 958 |
|
|
|a ZS
|
| 958 |
|
|
|a TL
|
| 958 |
|
|
|a BX
|
| 999 |
|
|
|c 973749
|d 975679
|
| 952 |
|
|
|t P60, <03>, [BOOK], {603}
|a SNK
|b SNK
|y PREZ
|7 0
|p 17A0092942
|o snkOSB 11509
|i snkV 2310/97
|0 0
|1 0
|4 0
|d 1997-09-10
|l 0
|r 2005-01-02 00:00:00
|w 2026-02-24
|